| 000 | 01234cam a22003131 4500 | ||
|---|---|---|---|
| 001 | 19467 | ||
| 003 | BD-RjUL | ||
| 005 | 20211209000433.0 | ||
| 008 | 140224s1912 enk 000 0 eng d | ||
| 035 | _a(BD-RjUL)19527 | ||
| 035 | _a(OCoLC)4384491 | ||
| 040 |
_aDLC _cOCl _dOCoLC _dDLC _dBD-RjUL _beng |
||
| 041 | _aeng | ||
| 082 | 0 | 0 |
_a738 _bABS V-1 1912 |
| 100 | 1 |
_aAbercromby, John Abercromby, _d1841-1924. _959809 |
|
| 245 | 0 | 2 |
_aA study of the bronze age pottery of Great Britain & Ireland and its associated grave-goods, _cby the Hon. John Abercromby, with 1611 illustrations of pottery, 155 examples of grave-goods, and 10 plates showing oramentation / _bAbercromby, John Abercromby, _nVol 1 |
| 260 |
_aOxford : _bClarendon press, _c1912. |
||
| 300 |
_a163p. : _billus., CX pl. _c34 cm. |
||
| 650 | 0 |
_aPottery _zGreat Britain. _959810 |
|
| 650 | 0 |
_aPrehistoric peoples _zGreat Britain. _959811 |
|
| 650 | 0 |
_aFuneral rites and ceremonies _zGreat Britain. _959812 |
|
| 650 | 0 |
_aBronze age _zGreat Britain. _959813 |
|
| 650 | 0 |
_aGrave goods _zGreat Britain. _959814 |
|
| 651 | 0 |
_aGreat Britain _xAntiquities. _959815 |
|
| 740 | 0 | _aBronze age pottery. | |
| 942 |
_2ddc _cBK |
||
| 999 |
_c19467 _d19467 |
||